| 000 | 00420nam a22001571 4500 | ||
|---|---|---|---|
| 082 | 0 | 0 |
_a620.106 _bSTR _cL-22, P-11 |
| 100 | 1 |
_aStreeter, Victor L. _939966 |
|
| 245 | 0 | 0 | _aFluid mechanics. |
| 250 | _a2d ed. | ||
| 260 |
_aNew York, _bMcGraw-Hill, _c1958. |
||
| 300 |
_a480 p. _billus. _c24 cm. |
||
| 526 |
_a0 _b0 _c0 _d620_106000000000000_STR |
||
| 650 | 0 |
_aFluid mechanics. _91678 |
|
| 650 | 0 |
_aMCE _9379 |
|
| 942 |
_2ddc _cBK |
||
| 999 |
_c544974 _d544974 |
||